000 00542nam a2200205Ii 4500
003 JO-AjNU
008 230606s9999||||xx |||||||||||||| ||und||
020 _a5-03-000236-7
040 _aJO-AjNU
_beng
_erda
_cJO-AjNU
041 _aeng
050 1 4 _aTK6630.T45 1989
100 3 _aEdited Dzhakonia,
_eauthor
_95367
245 0 0 _aTelevision
264 3 1 _aMoscow: Mirpub,1989
300 _a440p
336 _atext
_btxt
_2rdacontent
337 _aunmediated
_bn
_2rdamedia
338 _avolume
_bnc
_2rdacarrier
650 4 _aTelevision
_95368
999 _aE2772
_c2770
_d2770